Pixel Art Flags - Statistics

General Stats
  • This quiz has been taken 138 times
  • The average score is 10 of 11
Answer Stats
Picture Answer % Correct
USA
98%
Brazil
96%
China
96%
Canada
95%
UK
95%
Australia
94%
India
94%
Spain
94%
Turkey
92%
Chile
82%
Niger
62%
No matching quizzes found
Score Distribution
Percent of People with Each Score
Percentile by Number Answered
Your Score History
You have not taken this quiz